| 000 | 00555nam a2200181Ia 4500 | ||
|---|---|---|---|
| 008 | 100917s9999 xx 000 0 und d | ||
| 082 | _b64711 | ||
| 100 | _aकॉनराड रिक्टर | ||
| 245 | _aरानातील प्रकाश | ||
| 260 |
_bपरचुरे प्रकाशन _c1968 |
||
| 300 | _a112 | ||
| 365 | _b5 | ||
| 520 | _aकादंबरी | ||
| 630 | _aरानातील प्रकाश | ||
| 650 | _aकादंबरी | ||
| 730 | _aरानातील प्रकाश | ||
| 942 | _cBOOK | ||
| 999 |
_c670105 _d670102 |
||